Đáp án tình huống quản lí kinh doanh

Gespeichert in:
Bibliographische Detailangaben
1. Verfasser: Nguyễn Văn Thắng
Format: Buch
Sprache:Undetermined
Veröffentlicht: Hà Nội Xây Dựng 1998
Schlagworte:
Tags: Tag hinzufügen
Keine Tags, Fügen Sie den ersten Tag hinzu!
Thư viện lưu trữ: Trung tâm Học liệu Trường Đại học Cần Thơ
LEADER 00520nam a2200169Ia 4500
001 CTU_32883
008 210402s9999 xx 000 0 und d
082 |a 658 
082 |b Th116đ 
100 |a Nguyễn Văn Thắng 
245 0 |a Đáp án tình huống quản lí kinh doanh 
245 0 |c Nguyễn Văn Thắng 
260 |a Hà Nội 
260 |b Xây Dựng 
260 |c 1998 
650 |a management economics,psychology, applied 
980 |a Trung tâm Học liệu Trường Đại học Cần Thơ